Land law and practice in Nigeria (Record no. 31815)
[ view plain ]
| 000 -LEADER | |
|---|---|
| fixed length control field | 00431nam a2200181Ia 4500 |
| 020 ## - INTERNATIONAL STANDARD BOOK NUMBER | |
| ISBN | 9789789735594 |
| 050 ## - CALL MARK | |
| Classification number | KP 104 .O3/ |
| 100 ## - STATEMENT OF RESPONSIBILITY--MAIN AUTHOR NAME | |
| Personal name | Ogbuabia, A. & Alimi, K. |
| 245 #0 - TITLE STATEMENT | |
| Title | Land law and practice in Nigeria |
| 250 ## - EDITION / VOLUME STATEMENT | |
| Edition / Volume statement | 1st ed |
| 260 ## - PUBLICATION, DISTRIBUTION, ETC. (IMPRINT) | |
| Place of publication | Lagos |
| 260 ## - PUBLICATION, DISTRIBUTION, ETC. (IMPRINT) | |
| Name of publisher | Cityway books ventures |
| 260 ## - PUBLICATION, DISTRIBUTION, ETC. (IMPRINT) | |
| Year of publication | 2019 |
| 300 ## - PHYSICAL DESCRIPTION | |
| Number of Pages | 318 p |
| 942 ## - ADDED ENTRY ELEMENTS (KOHA) | |
| Koha item type | Books |
| Withdrawn status | Lost status | Source of classification or shelving scheme | Damaged status | Not for loan | Permanent Location | Current Location | Shelving location | Date acquired | Accession Number | Price effective from | Koha item type |
|---|---|---|---|---|---|---|---|---|---|---|---|
| Library of Congress Classification | Law Library | Law Library | Items on shelf | 04/23/2025 | 0191238 | 04/23/2025 | Books |